Formula 1: Drivers with Most Points in One Season 2010- - Statistics

General Stats
  • This quiz has been taken 2,607 times
    1,966 since last reset
  • The average score is 29 of 30
Answer Stats
Points Driver Season Team % Correct
413 Lewis Hamilton 2019 Mercedes
100%
408 Lewis Hamilton 2018 Mercedes
100%
387,5 Lewis Hamilton 2021 Mercedes
100%
384 Lewis Hamilton 2014 Mercedes
100%
381 Lewis Hamilton 2015 Mercedes
100%
380 Lewis Hamilton 2016 Mercedes
100%
363 Lewis Hamilton 2017 Mercedes
100%
347 Lewis Hamilton 2020 Mercedes
100%
395,5 Max Verstappen 2021 Red Bull
100%
278 Max Verstappen 2019 Red Bull
100%
397 Sebastian Vettel 2013 Red Bull
99%
392 Sebastian Vettel 2011 Red Bull
99%
320 Sebastian Vettel 2018 Ferrari
99%
317 Sebastian Vettel 2017 Ferrari
99%
281 Sebastian Vettel 2012 Red Bull
99%
278 Sebastian Vettel 2015 Ferrari
99%
256 Sebastian Vettel 2010 Red Bull
99%
264 Charles Leclerc 2019 Ferrari
98%
385 Nico Rosberg 2016 Mercedes
98%
322 Nico Rosberg 2015 Mercedes
98%
317 Nico Rosberg 2014 Mercedes
98%
326 Valtteri Bottas 2019 Mercedes
98%
305 Valtteri Bottas 2017 Mercedes
98%
278 Fernando Alonso 2012 Ferrari
96%
257 Fernando Alonso 2011 Ferrari
96%
251 Kimi Räikkönen 2018 Ferrari
96%
258 Mark Webber 2011 Red Bull
95%
252 Mark Webber 2010 Red Bull
95%
256 Daniel Ricciardo 2016 Red Bull
93%
270 Jenson Button 2011 McLaren
92%
No matching quizzes found
Score Distribution
Percent of People with Each Score
Percentile by Number Answered
Your Score History
You have not taken this quiz since the last reset